| 000 | 00648nam a2200205Ia 4500 | ||
|---|---|---|---|
| 003 | GCL | ||
| 005 | 20240530104435.0 | ||
| 008 | 140319s9999 xx 000 0 ara d | ||
| 020 | _a9770398623 | ||
| 040 |
_aGCL / _cGCL |
||
| 082 | 0 | 4 |
_a264 _bم ت |
| 100 | 1 | _aمنال عبدالمنعم جادالله | |
| 245 | 1 | 0 |
_aالتصوف فى مصر والمغرب / _cمنال عبدالمنعم جادالله |
| 260 |
_aالاسكندرية : _bمنشاة المعارف |
||
| 300 |
_a330 ص ؛ _c24 سم |
||
| 650 | 0 | 4 | _aالتصوف الاسلامى |
| 650 | 0 | 4 | _aالتصوف |
| 650 | 0 | 4 | _aالدراسات المقارنة |
| 942 |
_2ddc _cBK |
||
| 999 |
_c47697 _d47697 |
||